[Event "17. Bayer Open"]
[Site "Leverkusen"]
[Date "2019.02.11"]
[Round "4.43"]
[White "Gülden, Ralf"]
[Black "Nölle, Nathalie"]
[Result "1-0"]
[WhiteElo "1501"]
[BlackElo "1327"]
[PlyCount "55"]
[EventDate "2019.??.??"]
[WhiteTeam "Königsspringer Leverkusen"]
[BlackTeam "Königsspringer Leverkusen"]

1. d4 d6 2. c4 Nf6 3. Nc3 Nbd7 4. Nf3 e5 5. dxe5 dxe5 6. Bg5 Be7 7. e4 c6 8.
Be2 Qc7 9. O-O h6 10. Be3 Nf8 11. Qa4 a6 12. Nd5 Nxd5 13. cxd5 b5 14. Qb3 Bb7
15. Rac1 Rd8 16. Qc3 Rc8 17. Nxe5 Bf6 18. Bd4 Ng6 19. Nxg6 Bxd4 20. Qxd4 fxg6
21. d6 Qd7 22. e5 h5 23. Rfe1 Rd8 24. Bd3 Qe6 25. Be4 Qd7 26. Bxg6+ Kf8 27.
Qf4+ Kg8 28. Bf5 1-0

[Event "17. Bayer Open"]
[Site "Leverkusen"]
[Date "2019.02.11"]
[Round "4.44"]
[White "Atar, Efecan"]
[Black "Hoeper, Heinz-Joachim"]
[Result "0-1"]
[WhiteElo "962"]
[BlackElo "1365"]
[PlyCount "78"]
[EventDate "2019.??.??"]
[WhiteTeam "SK Kerpen"]
[BlackTeam "Pulheimer SC"]

1. d4 g6 2. c4 Bg7 3. e4 d6 4. Nf3 Nf6 5. Nc3 O-O 6. Bd3 Re8 7. Bg5 Bg4 8. h3
Bc8 9. Qd2 Nc6 10. O-O Nd7 11. Ne2 a5 12. a3 f6 13. Bh6 a4 14. Ng3 Na5 15. Rad1
c5 16. d5 Ne5 17. Nxe5 dxe5 18. Be3 Nb3 19. Qc3 Rf8 20. Bc2 Nd4 21. Bxd4 exd4
22. Qf3 Qd6 23. Rd3 Bd7 24. Rfd1 b5 25. b3 axb3 26. Bxb3 Rxa3 27. Kf1 Rfa8 28.
Ke2 b4 29. Nf1 Ba4 30. Bxa4 Rxd3 31. Rxd3 Rxa4 32. Rb3 Qa6 33. Qd3 Bh6 34. g3
Ra2+ 35. Kd1 Rxf2 36. Ke1 Ra2 37. Kd1 Qa4 38. Ke1 Ra1+ 39. Kf2 Rc1 0-1

[Event "17. Bayer Open"]
[Site "Leverkusen"]
[Date "2019.02.11"]
[Round "4.46"]
[White "Elshani, Shaip"]
[Black "Kolleck, Wolf-Dietrich"]
[Result "1-0"]
[WhiteElo "1524"]
[BlackElo "1468"]
[PlyCount "53"]
[EventDate "2019.??.??"]
[WhiteTeam "SC Bayer Leverkusen"]
[BlackTeam "SC Bayer Leverkusen"]

1. d4 d5 2. c4 e6 3. e3 Nf6 4. Nf3 c6 5. Nc3 Bb4 6. Bd2 O-O 7. Bd3 Nbd7 8. O-O
Re8 9. a3 Ba5 10. b4 Bc7 11. b5 Nf8 12. e4 dxe4 13. Nxe4 Ng6 14. Bg5 h6 15.
Nxf6+ Kh8 16. Nxe8 Qxe8 17. Bh4 Nxh4 18. Nxh4 g5 19. Qh5 Qf8 20. Nf3 Qg7 21.
Rad1 Bd7 22. Ne5 Be8 23. Qe2 Rd8 24. Bc2 Qf6 25. Bb3 g4 26. Nd3 Rxd4 27. Qxe6
1-0

[Event "17. Bayer Open"]
[Site "Leverkusen"]
[Date "2019.02.11"]
[Round "4.47"]
[White "Fröhling, Ewald"]
[Black "Breuer, Achim"]
[Result "0-1"]
[WhiteElo "1415"]
[BlackElo "1391"]
[PlyCount "104"]
[EventDate "2019.??.??"]
[WhiteTeam "Pulheimer SC"]
[BlackTeam "SV Dormagen"]

1. e4 e6 2. d4 d5 3. exd5 exd5 4. Nf3 Nf6 5. Bd3 Bg4 6. O-O Be7 7. Re1 O-O 8.
c3 c5 9. h3 Bh5 10. a3 cxd4 11. cxd4 Nc6 12. Bc2 Rc8 13. g4 Bg6 14. Bxg6 fxg6
15. Ng5 Qd7 16. Nc3 Ne4 17. Ncxe4 dxe4 18. Qb3+ Kh8 19. Nf7+ Rxf7 20. Qxf7 Rf8
21. Qc4 Bh4 22. Be3 h5 23. Qe2 Rf3 24. Qf1 hxg4 25. hxg4 Qxg4+ 26. Qg2 Qf5 27.
Rad1 Ne7 28. Re2 Nd5 29. Rdd2 Nf4 30. Bxf4 Rxf4 31. Qh2 e3 32. Rxe3 Qb1+ 33.
Kg2 Rg4+ 34. Kf3 Qf5+ 35. Ke2 Qg5 36. Qe5 Qh6 37. d5 Rf4 38. Kd1 Bxf2 39. Ree2
Qh1+ 40. Kc2 Bg3 41. Qe3 Rf3 42. Qe8+ Kh7 43. d6 Bf4 44. Rd1 Qh5 45. Kb1 Re3
46. Rxe3 Qxd1+ 47. Ka2 Bxe3 48. d7 Bg5 49. Qe6 Bf6 50. Qh3+ Qh5 51. Qb3 b6 52.
Qd3 Qe5 0-1

[Event "17. Bayer Open"]
[Site "Leverkusen"]
[Date "2019.02.11"]
[Round "4.49"]
[White "Shelukie, Magd"]
[Black "Weirich, Ralf"]
[Result "1-0"]
[WhiteElo "1511"]
[BlackElo "1253"]
[PlyCount "29"]
[EventDate "2019.??.??"]
[BlackTeam "TV Witzhelden"]

1. e4 e5 2. Nf3 Nc6 3. Bc4 Bc5 4. O-O Nf6 5. c3 a5 6. d4 exd4 7. cxd4 Ba7 8.
Bg5 h6 9. Bh4 g5 10. Nxg5 Bxd4 11. Nxf7 Qe7 12. Nc3 Kf8 13. Nxh8 Qc5 14. Bd5
Nxd5 15. Qf3+ 1-0

[Event "17. Bayer Open"]
[Site "Leverkusen"]
[Date "2019.02.11"]
[Round "4.50"]
[White "Holz, Peter"]
[Black "Klees, Robert"]
[Result "1-0"]
[WhiteElo "1331"]
[BlackElo "1318"]
[PlyCount "75"]
[EventDate "2019.??.??"]
[WhiteTeam "Pulheimer SC"]
[BlackTeam "SF Düsseldorf-Süd"]

1. e4 d6 2. Nc3 Nf6 3. Nf3 Nbd7 4. Bc4 h6 5. b3 e5 6. Bb2 a6 7. d4 exd4 8. Qxd4
c5 9. Qe3 Nb6 10. Be2 Be7 11. O-O-O Ng4 12. Qf4 Nxf2 13. e5 g5 14. Qg3 Nxh1 15.
Rxh1 h5 16. exd6 h4 17. Qe5 f6 18. Qxe7+ Qxe7 19. dxe7 Kxe7 20. Ne4 Nd7 21.
Nexg5 Rg8 22. Bc4 Rxg5 23. Nxg5 fxg5 24. Re1+ Kd6 25. Bg7 b5 26. Rd1+ Kc7 27.
Bd5 Rb8 28. Bh6 Nf6 29. Bxg5 Nxd5 30. Rxd5 Kc6 31. Rd8 Kc7 32. Bxh4 Rb6 33. Rf8
Kd7 34. g4 Rh6 35. Bg3 Bb7 36. Rf7+ Kc8 37. Rc7+ Kb8 38. Rh7+ 1-0

[Event "17. Bayer Open"]
[Site "Leverkusen"]
[Date "2019.02.11"]
[Round "4.51"]
[White "Pamula, Richard"]
[Black "Schmid, Arnold"]
[Result "0-1"]
[WhiteElo "1128"]
[BlackElo "1465"]
[PlyCount "90"]
[EventDate "2019.??.??"]
[WhiteTeam "Königsspringer Leverkusen"]
[BlackTeam "Oberbilker SV"]

1. e4 c6 2. g3 d5 3. Bg2 dxe4 4. Bxe4 Nf6 5. Bf3 Bf5 6. b3 e6 7. Nc3 Be7 8. Bb2
O-O 9. Nge2 Nbd7 10. d4 Nd5 11. a3 N7f6 12. Qd2 Rc8 13. b4 Qc7 14. O-O Rfe8 15.
Nd1 Rcd8 16. c4 Nb6 17. Ne3 Be4 18. Bg2 Bxg2 19. Kxg2 Nbd7 20. Qc2 Bd6 21. Qc3
Ne4 22. Qd3 Nef6 23. Nc3 Bf8 24. f4 g6 25. Ne4 Nxe4 26. Qxe4 Nf6 27. Qd3 Bg7
28. Rad1 Qb6 29. c5 Qc7 30. Nc4 Nd5 31. Rde1 Re7 32. Nd6 Red7 33. Qe2 Rxd6 34.
cxd6 Rxd6 35. f5 exf5 36. Qe8+ Bf8 37. Bc1 Rd8 38. Qe5 Qxe5 39. Rxe5 Bg7 40.
Re2 Bxd4 41. Bh6 Bg7 42. Bxg7 Kxg7 43. Rd1 Nf4+ 44. gxf4 Rxd1 45. Re7 Rd3 0-1

[Event "17. Bayer Open"]
[Site "Leverkusen"]
[Date "2019.02.11"]
[Round "4.52"]
[White "Azimi, Reza"]
[Black "Knobeloch, Olaf"]
[Result "0-1"]
[WhiteElo "1239"]
[BlackElo "1546"]
[PlyCount "102"]
[EventDate "2019.??.??"]
[WhiteTeam "Schachuzipus Köln-Mülheim"]
[BlackTeam "Pulheimer SC"]

1. e4 c6 2. d4 d5 3. Nc3 dxe4 4. Nxe4 Bf5 5. Ng3 Bg6 6. c3 Qc7 7. N3e2 e6 8.
Nf3 Bd6 9. Bg5 h6 10. Bh4 Nd7 11. Bg3 Ngf6 12. Bxd6 Qxd6 13. Ng3 O-O 14. Bd3
Bxd3 15. Qxd3 Rfe8 16. O-O Re7 17. Rae1 Rae8 18. Re2 Nd5 19. Qd2 N7f6 20. Rfe1
Nb6 21. Ne5 Qd5 22. b3 Nbd7 23. f4 c5 24. h3 cxd4 25. cxd4 Rd8 26. Qb4 Ree8 27.
Rc2 Nb6 28. Rd2 h5 29. f5 Qd6 30. Qxd6 Rxd6 31. fxe6 Rdxe6 32. Rc2 Nbd5 33. Nf5
Nd7 34. Rce2 f6 35. Nxd7 Rxe2 36. Rf1 Re1 37. Ng3 Rxf1+ 38. Kxf1 Re7 39. Nc5 b6
40. Nce4 h4 41. Nxf6+ Nxf6 42. Nf5 Rd7 43. Nxh4 Rxd4 44. g3 Rd2 45. a4 Rb2 46.
Nf5 Rxb3 47. Ne7+ Kf8 48. Nc6 a5 49. Nd4 Rxg3 50. h4 Rg4 51. Ne6+ Ke7 0-1

[Event "17. Bayer Open"]
[Site "Leverkusen"]
[Date "2019.02.11"]
[Round "4.53"]
[White "Kratz, Claudia"]
[Black "Busse, Michael"]
[Result "0-1"]
[WhiteElo "951"]
[BlackElo "1452"]
[PlyCount "76"]
[EventDate "2019.??.??"]
[WhiteTeam "Brühler SK"]
[BlackTeam "Ford SF Köln"]

1. e4 e5 2. f4 exf4 3. Nf3 Nc6 4. Bc4 d6 5. O-O Qf6 6. d4 Bg4 7. Nc3 Bxf3 8.
Qxf3 Qxd4+ 9. Rf2 Qxc4 10. Bxf4 O-O-O 11. Qg4+ Kb8 12. Rd1 Nf6 13. Qf5 Be7 14.
Bg5 h6 15. Bxf6 Bxf6 16. Nd5 Ne5 17. b3 Qc5 18. Nxf6 gxf6 19. Qxf6 Ng4 20. Qf5
Nxf2 21. Qxc5 dxc5 22. Rxd8+ Rxd8 23. Kxf2 Rd2+ 24. Ke3 Rxc2 25. a4 Rxg2 26.
Kf4 Rxh2 27. Ke5 Rb2 28. Kf6 Rxb3 29. Kxf7 Re3 30. Ke7 Rxe4+ 31. Kf8 c4 32. a5
c3 33. a6 c2 34. axb7 Kxb7 35. Kg7 c1=Q 36. Kg6 Qg5+ 37. Kh7 Re7+ 38. Kh8 Qg7#
0-1

[Event "17. Bayer Open"]
[Site "Leverkusen"]
[Date "2019.02.25"]
[Round "5.1"]
[White "Peschel, Andreas"]
[Black "Balduan, Markus"]
[Result "0-1"]
[WhiteElo "2110"]
[BlackElo "2312"]
[PlyCount "60"]
[EventDate "2019.??.??"]
[WhiteTeam "SG Solingen"]
[BlackTeam "TV Witzhelden"]

1. d4 Nf6 2. Nf3 d5 3. c4 e6 4. g3 dxc4 5. Qa4+ Nc6 6. Bg2 Bb4+ 7. Bd2 Nd5 8.
Ne5 Bd7 9. Nxd7 Qxd7 10. e3 Rb8 11. O-O b5 12. Qd1 Be7 13. b3 Nb6 14. Qf3 Nb4
15. Nc3 O-O 16. Rfd1 Nd3 17. bxc4 Nxc4 18. Qe2 Ndb2 19. Rdb1 Nxd2 20. Rxb2 Nc4
21. Rb3 a6 22. a4 Na5 23. Rb2 Nc4 24. Rba2 Na3 25. Ne4 b4 26. Qxa6 Rb6 27. Qa5
Nc4 28. Qh5 b3 29. a5 Rb5 30. d5 bxa2 0-1

[Event "17. Bayer Open"]
[Site "Leverkusen"]
[Date "2019.02.25"]
[Round "5.2"]
[White "Stillger, Bernhard"]
[Black "Ramien, David"]
[Result "1/2-1/2"]
[WhiteElo "2228"]
[BlackElo "2119"]
[PlyCount "74"]
[EventDate "2019.??.??"]
[WhiteTeam "SV Mülheim-Nord"]
[BlackTeam "SG Porz"]

1. d4 Nf6 2. c4 g6 3. Nc3 d5 4. Nf3 Bg7 5. Bg5 Ne4 6. Bh4 Nxc3 7. bxc3 dxc4 8.
Qa4+ c6 9. Qxc4 Qa5 10. e3 Be6 11. Qb4 Qxb4 12. cxb4 a5 13. b5 c5 14. Be2 Nd7
15. O-O cxd4 16. Nxd4 Bxd4 17. exd4 Nb6 18. Rfe1 Bd5 19. Rac1 Kd7 20. a3 Rhc8
21. Rc5 e6 22. Bf6 h5 23. g4 Be4 24. gxh5 gxh5 25. Bxh5 Rxc5 26. dxc5 Rg8+ 27.
Kf1 Bg2+ 28. Ke2 Nd5 29. Rd1 Ke8 30. Rxd5 Bxd5 31. Ke3 Rg1 32. h4 Rb1 33. Be2
Rb3+ 34. Kd4 Rb2 35. Ke3 Rb3+ 36. Kd4 Rb2 37. Ke3 Rb3+ 1/2-1/2

[Event "17. Bayer Open"]
[Site "Leverkusen"]
[Date "2019.02.25"]
[Round "5.4"]
[White "Borchert, Stephan"]
[Black "Gramb, Marius"]
[Result "0-1"]
[WhiteElo "2046"]
[BlackElo "2145"]
[PlyCount "76"]
[EventDate "2019.??.??"]
[WhiteTeam "SG Solingen"]
[BlackTeam "Brühler SK"]

1. e4 c6 2. d4 d5 3. e5 Bf5 4. Nf3 e6 5. Be2 Nd7 6. O-O c5 7. c4 Ne7 8. Nc3
dxc4 9. Qa4 Nd5 10. dxc5 Bxc5 11. Qxc4 Rc8 12. Qb3 Nxc3 13. bxc3 Qb6 14. Qa4 a6
15. Nd4 Bxd4 16. cxd4 Bc2 17. Qa3 Qxd4 18. Bb2 Qa4 19. Qd6 Rc6 20. Qd2 Nc5 21.
Rfc1 Ne4 22. Qe3 O-O 23. f3 Nc5 24. Qd2 Bg6 25. Rc4 Ne4 26. Rxe4 Bxe4 27. fxe4
Qxe4 28. Bf3 Qc2 29. Qxc2 Rxc2 30. Ba3 Rd8 31. Bb4 b5 32. Bb7 Rb8 33. Rd1 Rxa2
34. Rd7 h6 35. Bd6 Re8 36. Rc7 a5 37. Bc6 Rb8 38. Ra7 Rb6 0-1

[Event "17. Bayer Open"]
[Site "Leverkusen"]
[Date "2019.02.25"]
[Round "5.5"]
[White "Bruchmann, Norbert"]
[Black "Lindam, Ingo"]
[Result "1/2-1/2"]
[WhiteElo "2104"]
[BlackElo "2123"]
[PlyCount "44"]
[EventDate "2019.??.??"]
[WhiteTeam "SG Ennepe-Ruhr-Süd"]
[BlackTeam "Kölner SK Dr. Lasker"]

1. e4 c5 2. Nc3 Nc6 3. f4 g6 4. Nf3 Bg7 5. Bb5 Nd4 6. O-O a6 7. Bd3 e6 8. Nxd4
Bxd4+ 9. Kh1 Ne7 10. Ne2 Bg7 11. f5 Be5 12. Ng1 c4 13. Bxc4 Bxh2 14. Kxh2 Qc7+
15. Kh1 Qxc4 16. d3 Qc7 17. fxe6 dxe6 18. Qf3 f5 19. Bg5 h6 20. Bf6 O-O 21. Bc3
Bd7 22. Qh3 Rf7 1/2-1/2

[Event "17. Bayer Open"]
[Site "Leverkusen"]
[Date "2019.02.25"]
[Round "5.6"]
[White "Peters, Alex"]
[Black "Meyer-Kahlen, Stefan"]
[Result "1/2-1/2"]
[WhiteElo "2140"]
[BlackElo "1941"]
[PlyCount "120"]
[EventDate "2019.??.??"]
[WhiteTeam "Brühler SK"]
[BlackTeam "SC Erkrath"]

1. Nf3 Nf6 2. b3 d5 3. Bb2 e6 4. e3 c5 5. Ne5 Bd6 6. Bb5+ Nbd7 7. O-O O-O 8.
Bxd7 Nxd7 9. Nxd7 Bxd7 10. f4 f6 11. d3 Qc7 12. Nd2 b5 13. c4 bxc4 14. dxc4 Bc6
15. Qg4 Rae8 16. Rad1 e5 17. cxd5 Bxd5 18. e4 c4 19. exd5 c3 20. Bxc3 Qxc3 21.
Nc4 e4 22. Kh1 f5 23. Qe2 Rd8 24. Qd2 Qf6 25. g3 h5 26. h4 Rfe8 27. Qe3 Qe7 28.
Kh2 Bc5 29. Qe2 g6 30. Ne5 Rd6 31. Qc4 Bb6 32. Rc1 Qb7 33. Rfd1 Red8 34. Nc6
Re8 35. Ne5 Red8 36. a4 e3 37. Nc6 Re8 38. a5 e2 39. Re1 Be3 40. Rxe2 Re4 41.
Rce1 Rxc4 42. bxc4 Rxc6 43. dxc6 Qxc6 44. Rxe3 Qxc4 45. Re5 Qd4 46. Kh3 Kf7 47.
Re7+ Kf8 48. R7e5 Kf7 49. Kg2 Qd2+ 50. R1e2 Qd4 51. R2e3 Qd2+ 52. Kf1 Qd1+ 53.
Kf2 Qd2+ 54. Re2 Qd4+ 55. Kg2 Kf8 56. Rc2 Kf7 57. Rc7+ Kf8 58. Rce7 Qd2+ 59.
Kh3 Qd1 60. Re8+ Kf7 1/2-1/2

[Event "17. Bayer Open"]
[Site "Leverkusen"]
[Date "2019.02.25"]
[Round "5.8"]
[White "Heller, Achim"]
[Black "Hennig, Edgar Paul"]
[Result "1-0"]
[WhiteElo "2044"]
[BlackElo "1858"]
[PlyCount "71"]
[EventDate "2019.??.??"]
[WhiteTeam "SG Ennepe-Ruhr-Süd"]
[BlackTeam "Satranç Club"]

1. d4 d5 2. c4 c6 3. cxd5 cxd5 4. Nc3 Nf6 5. Nf3 Nc6 6. Bf4 a6 7. e3 Bg4 8. Be2
e6 9. O-O Bd6 10. Ne5 Bxe2 11. Qxe2 O-O 12. Nxc6 bxc6 13. Bxd6 Qxd6 14. Na4 Nd7
15. Rfc1 Rfb8 16. Qc2 Rc8 17. Qc3 Qb8 18. Rc2 Ra7 19. Rac1 Rac7 20. Qa3 Qb5 21.
b3 Qa5 22. Qd6 Nf6 23. Nc5 Ne8 24. Qg3 Nf6 25. f3 h6 26. Qf2 Qb5 27. Qd2 Nd7
28. Nd3 c5 29. dxc5 a5 30. c6 Nb8 31. Rc5 Qa6 32. Rxa5 Qb6 33. Rac5 Nxc6 34.
R5c2 Ne5 35. Rxc7 Rxc7 36. Nxe5 1-0

[Event "17. Bayer Open"]
[Site "Leverkusen"]
[Date "2019.02.25"]
[Round "5.9"]
[White "Scharff, Klaus"]
[Black "Claßen, Harald"]
[Result "1/2-1/2"]
[WhiteElo "1872"]
[BlackElo "2013"]
[PlyCount "80"]
[EventDate "2019.??.??"]
[WhiteTeam "SV Opladen"]
[BlackTeam "SC Bayer Leverkusen"]

1. Nf3 d5 2. g3 c6 3. Bg2 Bg4 4. Ne5 Bh5 5. g4 Bg6 6. h4 Qd6 7. d4 f6 8. Nxg6
hxg6 9. Qd3 Qe6 10. Qxg6+ Qf7 11. Qxf7+ Kxf7 12. Nc3 Na6 13. e4 Nb4 14. Kd1
dxe4 15. a3 Na6 16. Ke2 Rd8 17. Be3 Nh6 18. g5 Nf5 19. Bxe4 Nxd4+ 20. Bxd4 Rxd4
21. g6+ Ke8 22. Ke3 e5 23. Ne2 Rd8 24. b4 Nc7 25. c4 Ne6 26. c5 Nd4 27. Nxd4
Rxd4 28. f4 f5 29. Bxf5 Rxf4 30. Be6 Rhxh4 31. Rxh4 Rxh4 32. Rf1 Rf4 33. Rxf4
exf4+ 34. Kxf4 Kd8 35. Ke5 Be7 36. Bc4 Bf6+ 37. Kd6 Bb2 38. a4 Ba3 39. b5 cxb5
40. axb5 b6 1/2-1/2

[Event "17. Bayer Open"]
[Site "Leverkusen"]
[Date "2019.02.25"]
[Round "5.10"]
[White "Kemper, Michael"]
[Black "Nasoyan, Maksim"]
[Result "1-0"]
[WhiteElo "1854"]
[BlackElo "1987"]
[PlyCount "61"]
[EventDate "2019.??.??"]
[WhiteTeam "SV Dormagen"]
[BlackTeam "SG Ennepe-Ruhr-Süd"]

1. e4 e5 2. Nf3 Nc6 3. Bc4 Nf6 4. d3 h6 5. c3 g5 6. h3 Bg7 7. Bb3 O-O 8. Nbd2
d5 9. Qe2 a5 10. Nf1 a4 11. Bc2 b6 12. Ng3 dxe4 13. dxe4 Re8 14. Bd3 Be6 15.
Bb5 Qd6 16. Be3 Bd7 17. Rd1 Nd4 18. Bxd4 exd4 19. Bxd7 Qxd7 20. Nxd4 Nxe4 21.
Nxe4 Qd5 22. O-O Rxe4 23. Qc2 Bxd4 24. Rxd4 Rxd4 25. cxd4 Qxa2 26. Qc6 Ra5 27.
Qxh6 Qxb2 28. Re1 Qb5 29. d5 g4 30. Re5 f5 31. Re7 1-0

[Event "17. Bayer Open"]
[Site "Leverkusen"]
[Date "2019.02.25"]
[Round "5.11"]
[White "Kuhn, Andreas"]
[Black "Pyrowicz, Jacek"]
[Result "1-0"]
[WhiteElo "1973"]
[BlackElo "1788"]
[PlyCount "103"]
[EventDate "2019.??.??"]
[WhiteTeam "SG Niederkassel"]
[BlackTeam "SV Springer Hitdorf"]

1. Nf3 Nf6 2. c4 g6 3. d4 Bg7 4. g3 O-O 5. Bg2 d6 6. O-O Nbd7 7. Nc3 c6 8. e4
e5 9. h3 Re8 10. Be3 a5 11. Qc2 exd4 12. Nxd4 Nc5 13. Rfe1 Qc7 14. Rad1 Nfd7
15. b3 Ne6 16. Nxe6 Rxe6 17. Bd4 f6 18. Be3 b6 19. Rd2 Bb7 20. Red1 Rc8 21. Ne2
Bf8 22. Kh2 Ree8 23. Nc3 b5 24. Ne2 bxc4 25. Qxc4+ Kg7 26. Nf4 d5 27. exd5 Ne5
28. Qa4 cxd5 29. Nxd5 Bxd5 30. Rxd5 Red8 31. Bf4 Rxd5 32. Rxd5 Rd8 33. Qxa5 Bd6
34. Qd2 g5 35. Be3 Nf7 36. Rd4 h5 37. Kg1 Ne5 38. Ra4 Be7 39. Qe2 g4 40. Ra7
Qd6 41. hxg4 hxg4 42. Bf4 Qd1+ 43. Qxd1 Rxd1+ 44. Kh2 Kf7 45. Be3 Ke6 46. Bb7
Rd8 47. a4 Bb4 48. Ra8 Rd3 49. a5 Rxb3 50. a6 Be7 51. Rg8 f5 52. Bg2 1-0

[Event "17. Bayer Open"]
[Site "Leverkusen"]
[Date "2019.02.25"]
[Round "5.12"]
[White "Birnkott, Manfred"]
[Black "Schülke, Tilman"]
[Result "1/2-1/2"]
[WhiteElo "1838"]
[BlackElo "1843"]
[PlyCount "85"]
[EventDate "2019.??.??"]
[WhiteTeam "SC Bayer Leverkusen"]
[BlackTeam "Düsseldorfer SV"]

1. e4 d6 2. d4 g6 3. f4 Bg7 4. Nf3 c5 5. c3 cxd4 6. cxd4 Bg4 7. Bb5+ Nc6 8. Be3
a6 9. Bxc6+ bxc6 10. Nbd2 Nf6 11. O-O Qb6 12. Rb1 a5 13. h3 Bc8 14. Re1 O-O 15.
d5 c5 16. Qc2 Qb5 17. b3 Ba6 18. Nc4 a4 19. Nfd2 a3 20. Rbd1 Qb4 21. Rc1 Rfd8
22. Nb1 Bxc4 23. Qxc4 Nxe4 24. Qxb4 cxb4 25. Bb6 Rdc8 26. Rc6 f5 27. Rec1 Nc3
28. Nxc3 Bxc3 29. Kf1 Rab8 30. Be3 Rxc6 31. dxc6 Rc8 32. Rc2 Rxc6 33. Bd4 Kf7
34. Ke2 Ke8 35. Kd3 Kd7 36. Bxc3 bxc3 37. Rxc3 Ra6 38. Kd4 Ra5 39. Re3 e6 40.
g3 Rd5+ 41. Kc3 e5 42. fxe5 dxe5 43. b4 1/2-1/2

[Event "17. Bayer Open"]
[Site "Leverkusen"]
[Date "2019.02.25"]
[Round "5.13"]
[White "Marcziter, Dmitrii"]
[Black "Schimpf, Rolf"]
[Result "1-0"]
[WhiteElo "2233"]
[BlackElo "1660"]
[PlyCount "75"]
[EventDate "2019.??.??"]
[WhiteTeam "DJK Aufwärts Aachen"]
[BlackTeam "SC Bayer Leverkusen"]

1. d4 Nf6 2. c4 b6 3. Nc3 Bb7 4. Qc2 d5 5. cxd5 Nxd5 6. a3 e6 7. e4 Nxc3 8.
bxc3 Be7 9. Nf3 Nd7 10. Bd3 c5 11. O-O Rc8 12. Qe2 O-O 13. Rd1 cxd4 14. cxd4
Qc7 15. Bb2 Qf4 16. Bc1 Qb8 17. Bd2 Rfd8 18. a4 a5 19. Rab1 Qa7 20. Bf4 Bb4 21.
e5 Nf8 22. Bb5 h6 23. Qe3 Ng6 24. Bg3 Qa8 25. h4 Rc3 26. Rd3 Rdc8 27. Rbd1 Ne7
28. Qf4 Rxd3 29. Bxd3 Bc6 30. Ra1 Qb7 31. Qg4 Qd7 32. Bf4 Kh8 33. Qh5 Bxf3 34.
Qxf3 Qxd4 35. Rd1 Rc3 36. Bxh6 gxh6 37. Qf6+ Kg8 38. Bh7+ 1-0

[Event "17. Bayer Open"]
[Site "Leverkusen"]
[Date "2019.02.25"]
[Round "5.14"]
[White "Gnass, Arno"]
[Black "ter Steeg, Marcus"]
[Result "0-1"]
[WhiteElo "1592"]
[BlackElo "2068"]
[PlyCount "84"]
[EventDate "2019.??.??"]
[WhiteTeam "Bergische SF"]
[BlackTeam "SF Essen-Werden"]

1. e4 e5 2. Nf3 Nc6 3. d4 exd4 4. Nxd4 Nf6 5. Nxc6 bxc6 6. Bd3 d5 7. exd5 cxd5
8. O-O Bc5 9. Bb5+ Bd7 10. Qe2+ Kf8 11. Bg5 c6 12. Ba4 h6 13. Bh4 g5 14. Bg3
Ne4 15. Nd2 Nxg3 16. hxg3 Qf6 17. Nb3 Bb6 18. c3 Re8 19. Qd2 Re4 20. Nd4 Bxd4
21. cxd4 Qxd4 22. Qxd4 Rxd4 23. b3 Ke7 24. Rfc1 Kd6 25. Rc3 Rd2 26. g4 d4 27.
Rf3 Be6 28. Kf1 c5 29. Ke1 Rb2 30. Bb5 h5 31. gxh5 Rxh5 32. Bf1 Rh1 33. Rd3 Bc8
34. Rd2 Rxd2 35. Kxd2 Ba6 36. Bxa6 Rxa1 37. a4 Ra2+ 38. Ke1 f6 39. Bc4 Kc7 40.
g3 Kb6 41. Kf1 Rc2 42. Be2 Ka5 0-1

[Event "17. Bayer Open"]
[Site "Leverkusen"]
[Date "2019.02.25"]
[Round "5.15"]
[White "Bigott, Martin"]
[Black "Ljuboschiz, Alexander"]
[Result "0-1"]
[WhiteElo "1762"]
[BlackElo "1983"]
[PlyCount "92"]
[EventDate "2019.??.??"]
[WhiteTeam "SF Lohmar"]
[BlackTeam "SC Tornado Hochneukirch"]

1. e4 e5 2. c4 Nc6 3. Nc3 Bc5 4. g3 d6 5. Na4 Nf6 6. Bg2 Bg4 7. f3 Bxg1 8. Rxg1
Be6 9. d3 Qd7 10. Be3 Bh3 11. Bh1 Nd4 12. Nc3 Ne6 13. Qd2 c6 14. O-O-O d5 15.
cxd5 cxd5 16. exd5 Nxd5 17. Nxd5 Qxd5 18. Kb1 Qd7 19. g4 h5 20. Rg3 hxg4 21.
fxg4 Nd4 22. Qf2 Bxg4 23. Rdg1 Bf5 24. Bxd4 exd4 25. Bxb7 Rb8 26. Bc6 Qxc6 27.
Qxf5 Rc8 28. Qe4+ Qe6 29. Qxd4 Qf6 30. Qxf6 gxf6 31. Rg8+ Ke7 32. Rxc8 Rxc8 33.
Rc1 Rh8 34. Rc2 Ke6 35. Kc1 Ke5 36. Rf2 f5 37. Kd2 Rh3 38. Kc3 f4 39. b4 f3 40.
a4 Kf4 41. Kd2 a6 42. Ke1 Ke3 43. Rd2 Rh8 44. d4 Rc8 45. Rd1 f2+ 46. Kf1 Rg8
0-1

[Event "17. Bayer Open"]
[Site "Leverkusen"]
[Date "2019.02.25"]
[Round "5.16"]
[White "Kies, Werner"]
[Black "Boschek, Hans-Joachim"]
[Result "1-0"]
[WhiteElo "1870"]
[BlackElo "1818"]
[PlyCount "59"]
[EventDate "2019.??.??"]
[WhiteTeam "SC Bayer Leverkusen"]
[BlackTeam "SG Solingen"]

1. e4 c5 2. Nc3 Nc6 3. f4 g6 4. Nf3 Bg7 5. Bb5 Nd4 6. Bc4 e6 7. a4 Ne7 8. O-O
O-O 9. d3 d6 10. Ne2 d5 11. Ba2 Nxf3+ 12. gxf3 b6 13. c3 Bb7 14. Ng3 Qd7 15.
Bb1 Rad8 16. a5 b5 17. e5 d4 18. Ne4 Qc6 19. Bd2 Nf5 20. Qe2 c4 21. Rc1 Qd5 22.
a6 Bc6 23. Ba2 dxc3 24. Rxc3 Qd4+ 25. Qf2 Qxf2+ 26. Kxf2 Rxd3 27. Rxd3 cxd3 28.
Rc1 Rc8 29. Bb1 Ne7 30. Bxd3 1-0

[Event "17. Bayer Open"]
[Site "Leverkusen"]
[Date "2019.02.25"]
[Round "5.17"]
[White "Raupach, Gregor"]
[Black "Blumenthal, Ralf"]
[Result "1/2-1/2"]
[WhiteElo "1876"]
[BlackElo "1827"]
[PlyCount "129"]
[EventDate "2019.??.??"]
[WhiteTeam "SF Stadtverwaltung Bonn"]
[BlackTeam "SK Turm Euskirchen"]

1. d4 Nf6 2. c4 e6 3. Nf3 b6 4. g3 Ba6 5. b3 Bb4+ 6. Nfd2 Bb7 7. f3 Ng4 8. Qc2
Qf6 9. Qd3 Qg6 10. e4 f5 11. e5 Qh6 12. Ke2 O-O 13. Bg2 Qg6 14. Nf1 Be7 15. h3
Nh6 16. h4 d6 17. h5 Qe8 18. exd6 Bxd6 19. Bxh6 gxh6 20. Nbd2 Nd7 21. Re1 Qf7
22. Kd1 a5 23. Qe3 e5 24. d5 Qf6 25. Qd3 Bb4 26. Ne3 Nc5 27. Qc2 Rae8 28. Bh3
Bxd2 29. Kxd2 Bc8 30. Ref1 e4 31. f4 Qd4+ 32. Ke2 Re7 33. Qd2 Qxd2+ 34. Kxd2
Rg7 35. Rhg1 Nd3 36. Kc3 Rf6 37. Kd4 Kf8 38. g4 fxg4 39. Bxg4 Bxg4 40. Nxg4
Rxf4 41. Rxf4+ Nxf4 42. Kxe4 Nxh5 43. Rg2 Nf6+ 44. Kf3 Rxg4 45. Rxg4 Nxg4 46.
Kxg4 Ke7 47. a3 Kd6 48. Kf5 Kc5 49. Ke6 h5 50. Kd7 h4 51. Kxc7 h3 52. d6 h2 53.
d7 h1=Q 54. d8=Q Qc6+ 55. Kb8 Qd6+ 56. Qxd6+ Kxd6 57. b4 axb4 58. axb4 h5 59.
Kb7 h4 60. Kxb6 h3 61. c5+ Kd7 62. Kb7 h2 63. c6+ Kd6 64. c7 h1=Q+ 65. Kb8
1/2-1/2

[Event "17. Bayer Open"]
[Site "Leverkusen"]
[Date "2019.02.25"]
[Round "5.19"]
[White "Blomeyer, Peter"]
[Black "Hansel, Rainer"]
[Result "0-1"]
[WhiteElo "1806"]
[BlackElo "1948"]
[PlyCount "58"]
[EventDate "2019.??.??"]
[WhiteTeam "Königsspringer Leverkusen"]
[BlackTeam "SF Köln-Longerich"]

1. c4 e5 2. Nc3 Nf6 3. g3 c6 4. d3 d5 5. Bg5 Be7 6. Nf3 h6 7. Bxf6 Bxf6 8. Bg2
O-O 9. Qc2 Be6 10. Nd2 Qd7 11. O-O Rd8 12. Rfd1 a5 13. Na4 Qe7 14. e4 Na6 15.
a3 dxc4 16. dxc4 Nc5 17. Nc3 a4 18. Ne2 Rd7 19. Nf1 Rad8 20. Ne3 Nb3 21. Rxd7
Rxd7 22. Rd1 Qd8 23. Rxd7 Qxd7 24. Nc3 Bg5 25. f4 Qd4 26. Qf2 exf4 27. gxf4 Bh4
28. Qxh4 Qxe3+ 29. Qf2 Qc1+ 0-1

[Event "17. Bayer Open"]
[Site "Leverkusen"]
[Date "2019.02.25"]
[Round "5.20"]
[White "Wille, Thomas"]
[Black "Witte, Volker"]
[Result "1-0"]
[WhiteElo "2029"]
[BlackElo "1601"]
[PlyCount "67"]
[EventDate "2019.??.??"]
[WhiteTeam "Velberter SG"]
[BlackTeam "SF Schlebusch"]

1. c4 c6 2. Nf3 Nf6 3. Nc3 d5 4. e3 g6 5. d4 Bg7 6. Qb3 e6 7. Bd2 O-O 8. Be2
Re8 9. O-O Ne4 10. Be1 dxc4 11. Bxc4 Nd6 12. Be2 Nd7 13. Rc1 Nb6 14. Na4 Nxa4
15. Qxa4 Nf5 16. Qc2 Qb6 17. b4 Bf8 18. a3 Bd7 19. Ne5 Rad8 20. Bc3 Bc8 21. h3
Nd6 22. a4 f6 23. Ng4 Bg7 24. d5 e5 25. a5 Qc7 26. dxc6 Qxc6 27. b5 Qd7 28.
Rfd1 Qf5 29. Bd3 Qe6 30. Bb4 e4 31. Be2 f5 32. Bxd6 Kh8 33. Bc4 Qd7 34. Ne5 1-0